[Event "27e tournoi 1hKO"]
[Site "Montigny le Bretonneux"]
[Date "2025.05.31"]
[Round "6.12"]
[White "Cros, Isidore"]
[Black "Alluch Abdellach, Nordin"]
[Result "0-1"]
[WhiteElo "1439"]
[BlackElo "1665"]
[Annotator "Rivier,Sylvain"]
[PlyCount "63"]
[EventDate "2025.??.??"]
[WhiteTeam "Le Petit Pouchet Paris"]
[BlackTeam "Saint-Quentin en Yvelines"]

{Défense sicilienne, système fermé} 1. e4 c5 2. Nc3 d6 3. f4 a6 4. a4 e6 5.
Nf3 Nc6 6. Bc4 Nf6 7. O-O Be7 8. Qe1 Qc7 9. d3 Nb4 10. Bb3 b6 11. Qg3 Nh5 12.
Qg4 g6 13. e5 Bb7 14. Re1 d5 15. Re2 c4 16. dxc4 dxc4 17. Ba2 Nd5 18. Nxd5 Bxd5
19. Bd2 b5 20. axb5 axb5 21. Ree1 c3 22. Bxd5 Rxa1 23. Rxa1 cxb2 24. Rb1 Qxc2
25. Ba2 b4 26. Nd4 Qxd2 27. Qd1 Qxf4 28. Rxb2 Qxe5 29. Nc6 Qc5+ 30. Nd4 O-O 31.
Kh1 Bf6 32. Rd2 {suite illisible} 0-1

[Event "27e tournoi 1hKO"]
[Site "Montigny le Bretonneux"]
[Date "2025.05.31"]
[Round "6.13"]
[White "Corbillet, Mathieu"]
[Black "Couradin, Bruno"]
[Result "1-0"]
[WhiteElo "1652"]
[BlackElo "1554"]
[Annotator "Rivier,Sylvain"]
[PlyCount "103"]
[EventDate "2025.??.??"]
[WhiteTeam "La Dame Noire"]
[BlackTeam "La Dame Noire"]

{Partie écossaise} 1. e4 e5 2. Nf3 Nc6 3. d4 exd4 4. Nxd4 Nxd4 5. Qxd4 c5 6.
Qd3 d6 7. Nc3 Nf6 8. Bf4 Be7 9. O-O-O Ng4 10. Bg3 O-O 11. h3 Ne5 12. Bxe5 dxe5
13. Nd5 Be6 14. Qg3 Bh4 15. Qxe5 Bxf2 16. Bc4 Bd4 17. Qg3 Bxd5 18. Bxd5 Qf6 19.
c3 Be5 20. Qf3 Qh6+ 21. Kc2 Rab8 22. g4 b6 23. h4 Qf6 24. Qf5 Rbd8 25. h5 h6
26. Rhf1 Rd6 27. Qxf6 Bxf6 28. Bxf7+ Rxf7 29. Rxd6 Re7 30. Re1 Re5 31. Rd5 Re7
32. e5 Kf7 33. Kd1 Bg5 34. Rd6 Bh4 35. Rf1+ Ke8 36. e6 Bg3 37. Rc6 Rb7 38. Rc8+
Ke7 39. Rf7+ Kxe6 40. Rxb7 Kf6 41. Rxa7 Bf2 42. Rc6+ Ke5 43. Rxg7 b5 44. Rxh6
b4 45. c4 Bd4 46. Rhg6 Kf4 47. b3 Kf3 48. Rh7 Kf4 49. Rf7+ Kg3 50. h6 Bc3 51.
h7 Kh4 52. Rg8 1-0

[Event "27e tournoi 1hKO"]
[Site "Montigny le Bretonneux"]
[Date "2025.05.31"]
[Round "6.14"]
[White "Kissian, Pascal"]
[Black "Fasquelle, Yann"]
[Result "1-0"]
[WhiteElo "1650"]
[BlackElo "1516"]
[Annotator "Rivier,Sylvain"]
[PlyCount "68"]
[EventDate "2025.??.??"]
[WhiteTeam "la Tour des Clayes"]
[BlackTeam "Saint-Quentin en Yvelines"]

{Partie du pion dame, variante Tartacover} 1. d4 Nf6 2. Bg5 e6 3. Nf3 Be7 4. e3
b6 5. Bd3 Bb7 6. Nbd2 d5 7. c3 Nbd7 8. Qc2 h6 9. Bh4 Rc8 10. Qa4 O-O 11. Qxa7
Ba8 12. Qa4 c5 13. Qc2 Kh8 14. O-O g5 15. Bg3 Nh5 16. Rae1 Rg8 17. Be2 Nxg3 18.
fxg3 Rg7 19. e4 g4 20. Ne5 Nxe5 21. dxe5 h5 22. h3 Qc7 23. exd5 Bxd5 24. Bd3
gxh3 25. Be4 c4 26. Qd1 Bc5+ 27. Kh2 Bxe4 28. Rxe4 f5 29. Rh4 Rcg8 30. Rxh5+
Rh7 31. Rxh7+ Qxh7 32. Rf4 Be3 33. Rh4 Qxh4 34. gxh4 Bf4+ {suite illisible} 1-0

[Event "27e tournoi 1hKO"]
[Site "Montigny le Bretonneux"]
[Date "2025.05.31"]
[Round "6.15"]
[White "Bouloc, Roger"]
[Black "Saint-Esteben, Anton"]
[Result "0-1"]
[WhiteElo "1438"]
[BlackElo "1650"]
[Annotator "Rivier,Sylvain"]
[PlyCount "106"]
[EventDate "2025.??.??"]
[WhiteTeam "La Dame Noire"]
[BlackTeam "Club d'Echecs du Vesinet"]

{Défense scandinave} 1. e4 d5 2. exd5 Qxd5 3. Nc3 Qa5 4. d4 Bf5 5. Bd3 Bxd3 6.
Qxd3 Nd7 7. Nf3 Ngf6 8. O-O e6 9. Bd2 c6 10. a3 Bd6 11. h3 O-O 12. Ne4 Qc7 13.
Nxd6 Qxd6 14. b4 b5 15. Bg5 Rfe8 16. Bxf6 Nxf6 17. Rfe1 a5 18. c3 Qd5 19. Ng5
Qb3 20. Reb1 Qd5 21. Nf3 Ra7 22. Rc1 Qe4 23. Qd2 axb4 24. axb4 Rea8 25. Rxa7
Rxa7 26. Re1 Qd5 27. Qf4 Ra8 28. Qc7 Qd7 29. Qxd7 Nxd7 30. Ne5 Nxe5 31. Rxe5
Kf8 32. f4 Ke7 33. f5 Rd8 34. g4 Rd5 35. fxe6 Rxe5 36. dxe5 Kxe6 37. Kf2 Kxe5
38. Ke3 Kd5 39. Kd3 h6 40. h4 g5 41. hxg5 hxg5 42. Ke3 Ke5 43. Kf3 Kd5 44. Ke3
Kc4 45. Kd2 Kd5 46. Kd3 Ke5 47. Ke3 f5 48. gxf5 Kxf5 49. Kf3 g4+ 50. Kg3 Ke4
51. Kxg4 Kd3 52. Kf5 Kxc3 53. Ke5 Kxb4 0-1

[Event "27e tournoi 1hKO"]
[Site "Montigny le Bretonneux"]
[Date "2025.05.31"]
[Round "6.16"]
[White "Moulun, Raphael"]
[Black "Gabory, Clement"]
[Result "1-0"]
[WhiteElo "1597"]
[BlackElo "1299"]
[Annotator "Rivier,Sylvain"]
[PlyCount "27"]
[EventDate "2025.??.??"]
[WhiteTeam "La Dame Noire"]
[BlackTeam "Club d'Echecs de Guyancourt"]

{Ouverture Bird} 1. f4 d5 2. c4 e6 3. Nf3 Nf6 4. e3 Nc6 5. b3 Bb4 6. a3 Ba5 7.
b4 Bb6 8. c5 O-O 9. cxb6 axb6 10. Bb2 Qe7 11. Bd3 Bd7 12. Qc2 g6 13. Qc3 Ne4
14. Qg7# 1-0

[Event "27e tournoi 1hKO"]
[Site "Montigny le Bretonneux"]
[Date "2025.05.31"]
[Round "6.17"]
[White "Badjate, Nishchal"]
[Black "Hajjouj, Mouhcine"]
[Result "0-1"]
[WhiteElo "1470"]
[BlackElo "1592"]
[Annotator "Rivier,Sylvain"]
[PlyCount "130"]
[EventDate "2025.??.??"]
[WhiteTeam "La Dame Noire"]
[BlackTeam "Cercle Echiquier Pertuisien"]

{Gambit dame} 1. d4 Nf6 2. Nf3 d5 3. c4 c6 4. Bg5 e6 5. Nc3 Be7 6. Bf4 O-O 7.
e3 Nbd7 8. a3 b6 9. cxd5 cxd5 10. Bd3 Bb7 11. O-O Nh5 12. Ne5 Nxf4 13. exf4
Nxe5 14. fxe5 Qd7 15. f4 f5 16. Rf3 Kh8 17. Rh3 g6 18. g4 Rf7 19. gxf5 gxf5 20.
Qh5 Rg8+ 21. Kh1 Bd8 22. Bb5 Qe7 23. Rg1 Rxg1+ 24. Kxg1 Rg7+ 25. Kh1 a6 26. Be8
Kg8 27. Rg3 Kf8 28. Rxg7 Qxg7 29. Ba4 b5 30. Bd1 Qg6 31. a4 b4 32. Na2 a5 33.
b3 Qxh5 34. Bxh5 Bb6 35. Nc1 Bxd4 36. Nd3 Ba6 37. Ne1 Be3 38. Ng2 Bd2 39. h4
Bd3 40. Bd1 Be4 41. Kh2 Bxg2 42. Kxg2 Bxf4 43. h5 h6 44. Kf3 Bxe5 45. Ke3 Ke7
46. Bc2 Kf6 47. Bd1 f4+ 48. Kf3 Kg5 49. Kf2 Bc3 50. Kg1 d4 51. Kf2 e5 52. Kf3
Kf5 53. Ke2 e4 54. Kf2 d3 55. Kf1 e3 56. Bf3 e2+ 57. Bxe2 dxe2+ 58. Kxe2 Ke4
59. Kf2 Bd2 60. Ke2 Be3 61. Kf1 Kd3 62. Kg2 Kc3 63. Kf3 Kxb3 64. Ke4 Kxa4 65.
Kf5 f3 0-1

[Event "27e tournoi 1hKO"]
[Site "Montigny le Bretonneux"]
[Date "2025.05.31"]
[Round "6.18"]
[White "Ouaddi, Oussama"]
[Black "Hellal, Ayoub"]
[Result "0-1"]
[WhiteElo "1566"]
[BlackElo "1299"]
[Annotator "Rivier,Sylvain"]
[PlyCount "35"]
[EventDate "2025.??.??"]
[WhiteTeam "Club d'Echecs de Triel sur Seine"]
[BlackTeam "La Dame Noire"]

{Gambit dame, défense slave} 1. c4 Nf6 2. d4 c6 3. Nc3 d5 4. b3 Bf5 5. Nf3 e6
6. e3 Qa5 7. Bd2 Bb4 8. Na4 Bxd2+ 9. Qxd2 Qxd2+ 10. Nxd2 O-O 11. Be2 Nbd7 12.
O-O a6 13. Rac1 Rac8 14. c5 Ne4 15. Nxe4 Bxe4 16. f3 Bg6 17. h4 h5 18. g4 {
suite illisible} 0-1

[Event "27e tournoi 1hKO"]
[Site "Montigny le Bretonneux"]
[Date "2025.05.31"]
[Round "6.19"]
[White "Bellabas, Alia"]
[Black "Elie, Nicolas"]
[Result "0-1"]
[WhiteElo "1399"]
[BlackElo "1490"]
[Annotator "Rivier,Sylvain"]
[PlyCount "78"]
[EventDate "2025.??.??"]
[WhiteTeam "Club d'Echecs Perrotin"]
[BlackTeam "Club d'Echecs de Guyancourt"]

{Partie italienne} 1. e4 e5 2. Nf3 Nc6 3. Bc4 Bc5 4. Nc3 Nf6 5. O-O O-O 6. d3
d6 7. h3 Be6 8. Bb3 d5 9. exd5 Nxd5 10. Nxd5 Bxd5 11. c4 Bxf3 12. Qxf3 Nd4 13.
Qd5 b6 14. Qxd8 Raxd8 15. Ba4 Ne2+ 16. Kh1 Rxd3 17. Re1 Nxc1 18. Raxc1 Rd2 19.
Rxe5 Rxf2 20. Bc2 g6 21. g4 Rd8 22. Rd1 Rdd2 23. Rxd2 Rxd2 24. Bb3 Kg7 25. g5
Rd1+ 26. Kg2 Rd2+ 27. Kf1 Rf2+ 28. Ke1 Rxb2 29. Rd5 f5 30. Rd7+ Kf8 31. Rxc7 f4
32. Bd1 Rxa2 33. Rxh7 a5 34. Rh8+ Ke7 35. h4 a4 36. h5 a3 37. h6 Rb2 38. Bb3 f3
39. Kf1 Rb1+ 0-1

[Event "27e tournoi 1hKO"]
[Site "Montigny le Bretonneux"]
[Date "2025.05.31"]
[Round "6.20"]
[White "Gabory, Donatien"]
[Black "Tanchoux, Pierre"]
[Result "1-0"]
[WhiteElo "1299"]
[BlackElo "1462"]
[Annotator "Rivier,Sylvain"]
[PlyCount "39"]
[EventDate "2025.??.??"]
[WhiteTeam "Club d'Echecs de Guyancourt"]
[BlackTeam "La Dame Noire"]

{Défense sicilienne, attaque Sozin} 1. e4 c5 2. Bc4 d6 3. Nf3 Nf6 4. Nc3 a6 5.
a4 e6 6. d4 cxd4 7. Nxd4 Bd7 8. O-O Nc6 9. Be3 Be7 10. Qf3 Nxd4 11. Bxd4 Bc6
12. Rfe1 O-O 13. Rad1 Re8 14. Qg3 d5 15. Bxf6 Bxf6 16. e5 Bh4 17. Qh3 Be7 18.
Bd3 Bg5 19. Qxh7+ Kf8 20. Qh8+ 1-0

[Event "27e tournoi 1hKO"]
[Site "Montigny le Bretonneux"]
[Date "2025.05.31"]
[Round "6.21"]
[White "Orfila, Leila"]
[Black "Carbonero, Jean Marc"]
[Result "0-1"]
[WhiteElo "1299"]
[BlackElo "1399"]
[Annotator "Rivier,Sylvain"]
[PlyCount "88"]
[EventDate "2025.??.??"]
[WhiteTeam "Club d'Echecs de Guyancourt"]
[BlackTeam "La Dame Noire"]

{Partie italienne} 1. e4 e5 2. Nf3 Nc6 3. Bc4 a6 4. Nc3 b5 5. Bd3 Nf6 6. b3 Bc5
7. O-O O-O 8. Bb2 Ng4 9. Qe2 Bxf2+ 10. Kh1 Qe7 11. Nd1 Bb6 12. h3 Nf6 13. Ne3
Nb4 14. Nxe5 Nxd3 15. cxd3 Qe6 16. N5g4 Nxg4 17. Nxg4 d5 18. Rf4 d4 19. Qf3 Bd7
20. Qg3 c5 21. Qh4 Bc7 22. Rf3 Bd8 23. Qh5 Qg6 24. Nh6+ Qxh6 25. Qxh6 gxh6 26.
Rg3+ Kh8 27. Rc1 Be7 28. Rc3 b4 29. Rc4 Be6 30. Rxd4 Rg8 31. Rd8+ f6 32. e5
Raxd8 33. Kh2 Rxg3 34. Kxg3 Rg8+ 35. Kf2 Rf8 36. Kg3 f5 37. Kf3 Bg5 38. g3 Bxd2
39. Kg2 Bd5+ 40. Kf1 Kg8 41. Ke2 Bc3 42. Bc1 Be6 43. Bxh6 Rf7 44. Kf3 Bxe5 0-1

[Event "27e tournoi 1hKO"]
[Site "Montigny le Bretonneux"]
[Date "2025.05.31"]
[Round "6.22"]
[White "Orfila, Hugo"]
[Black "Leblanc, Didier"]
[Result "1-0"]
[WhiteElo "1299"]
[BlackElo "1399"]
[Annotator "Rivier,Sylvain"]
[PlyCount "47"]
[EventDate "2025.??.??"]
[WhiteTeam "Club d'Echecs de Guyancourt"]
[BlackTeam "Saint-Quentin en Yvelines"]

{Défense des deux cavaliers} 1. e4 e5 2. Nf3 Nc6 3. Bc4 Nf6 4. Ng5 d5 5. exd5
Bf5 6. dxc6 bxc6 7. Nxf7 Qe7 8. Nxh8 Rb8 9. d4 exd4+ 10. Qe2 Rd8 11. Qxe7+ Bxe7
12. O-O Bxc2 13. Nd2 Kd7 14. Nf7 h5 15. Nxd8 Kxd8 16. Nb3 Ne4 17. Nxd4 Bh4 18.
Nxc2 Bxf2+ 19. Rxf2 Nxf2 20. Kxf2 g6 21. Bg5+ Kd7 22. Rd1+ Kc8 23. Ba6+ Kb8 24.
Rd8# 1-0

[Event "27e tournoi 1hKO"]
[Site "Montigny le Bretonneux"]
[Date "2025.06.01"]
[Round "7.1"]
[White "Thibous, Leo"]
[Black "Fasquelle, Cedric"]
[Result "1-0"]
[WhiteElo "1862"]
[BlackElo "1774"]
[Annotator "Rivier,Sylvain"]
[PlyCount "55"]
[EventDate "2025.??.??"]
[WhiteTeam "Fontainebleau-Avon"]
[BlackTeam "Saint-Quentin en Yvelines"]

{Partie du centre} 1. e4 e5 2. c3 d5 3. exd5 Nf6 4. d4 exd4 5. Qa4+ Nbd7 6.
Qxd4 Nb6 7. d6 cxd6 8. Nf3 Qc7 9. a4 Be6 10. Bb5+ Nbd7 11. Bf4 Be7 12. O-O a6
13. Be2 O-O 14. Rd1 Nd5 15. Bg3 Bf6 16. Qd3 Nc5 17. Qc2 a5 18. Na3 g6 19. Nb5
Qc6 20. Nfd4 Bxd4 21. Rxd4 Rfd8 22. Bf3 Nd7 23. Qd2 N7b6 24. c4 Nxc4 25. Qh6
Ne5 26. Bxd5 Bxd5 27. Bh4 f5 28. Bf6 {suite illisible} 1-0

[Event "27e tournoi 1hKO"]
[Site "Montigny le Bretonneux"]
[Date "2025.06.01"]
[Round "7.2"]
[White "Forissier, Nicolas"]
[Black "Thibous, Mathis"]
[Result "0-1"]
[WhiteElo "1890"]
[BlackElo "2145"]
[Annotator "Rivier,Sylvain"]
[PlyCount "47"]
[EventDate "2025.??.??"]
[WhiteTeam "La Dame Noire"]
[BlackTeam "Fontainebleau-Avon"]

{Défense Benoni, variante du fianchetto} 1. d4 Nf6 2. c4 c5 3. d5 e6 4. Nc3
exd5 5. cxd5 d6 6. g3 g6 7. Bg2 Bg7 8. Nf3 O-O 9. Nd2 a6 10. a4 Re8 11. Nc4 Qc7
12. O-O Nbd7 13. Bf4 Bf8 14. Qd2 b6 15. Rad1 Rb8 16. Qd3 b5 17. axb5 axb5 18.
Nxb5 Rxb5 19. Nxd6 Bxd6 20. Qxb5 Bxf4 21. gxf4 Qxf4 22. Rd3 c4 23. Rc3 h5 24.
e3 {suite illisible} 0-1

[Event "27e tournoi 1hKO"]
[Site "Montigny le Bretonneux"]
[Date "2025.06.01"]
[Round "7.3"]
[White "Alami Messaoudi, Wissam"]
[Black "Chevrier, Denis"]
[Result "0-1"]
[WhiteElo "1784"]
[BlackElo "1734"]
[Annotator "Rivier,Sylvain"]
[PlyCount "83"]
[EventDate "2025.??.??"]
[WhiteTeam "La Dame Noire"]
[BlackTeam "Club d'Echecs de l'Arpajonnais"]

{Défense Alekhine, variante moderne} 1. e4 Nf6 2. e5 Nd5 3. d4 d6 4. c4 Nb6 5.
exd6 cxd6 6. Nf3 g6 7. h3 Bg7 8. Be2 O-O 9. Nc3 Nc6 10. O-O e5 11. Bg5 f6 12.
Be3 Bd7 13. dxe5 dxe5 14. c5 Nc8 15. Qb3+ Kh8 16. Rfd1 Rb8 17. Rd2 Qe8 18. Rad1
Be6 19. Qa3 N8e7 20. Nb5 Nf5 21. g4 Nxe3 22. Qxe3 Qe7 23. Nd6 f5 24. gxf5 gxf5
25. Bc4 e4 26. Bxe6 Qxe6 27. Ng5 Qg6 28. Kh1 h6 29. Ngf7+ Rxf7 30. Nxf7+ Qxf7
31. Rd7 Qf6 32. R1d6 Qg5 33. Qxg5 hxg5 34. b3 Ne5 35. Re7 Nd3 36. f3 Bf8 37.
Ree6 Rd8 38. fxe4 Nf2+ 39. Kg2 Nxe4 40. Re5 Nxd6 41. Kf3 Kg7 42. Rd5 {suite
illisible} 0-1

[Event "27e tournoi 1hKO"]
[Site "Montigny le Bretonneux"]
[Date "2025.06.01"]
[Round "7.4"]
[White "Longbien, Dominique"]
[Black "Suffert, Martin"]
[Result "0-1"]
[WhiteElo "1618"]
[BlackElo "1896"]
[Annotator "Rivier,Sylvain"]
[PlyCount "51"]
[EventDate "2025.??.??"]
[WhiteTeam "La Dame Noire"]
[BlackTeam "la Tour des Clayes"]

{Partie espagnole, gambit Marshall} 1. e4 e5 2. Nf3 Nc6 3. Bb5 a6 4. Ba4 Nf6 5.
O-O Be7 6. Re1 b5 7. Bb3 O-O 8. c3 d5 9. exd5 Nxd5 10. Nxe5 Nxe5 11. Rxe5 c6
12. d4 Bd6 13. Rh5 Re8 14. Bxd5 cxd5 15. Nd2 g6 16. Rh6 Bf8 17. Nf3 Bg4 18. Bf4
Qf6 19. Be5 Rxe5 20. dxe5 Bxf3 21. Rh3 Bxd1 22. exf6 Bc2 23. Re3 Rc8 24. Rc1
Be4 25. Rd1 Rc6 26. f3 {suite illisible} 0-1

[Event "27e tournoi 1hKO"]
[Site "Montigny le Bretonneux"]
[Date "2025.06.01"]
[Round "7.5"]
[White "Krivcenko, Aleksandrs"]
[Black "Payot, Guillaume"]
[Result "1-0"]
[WhiteElo "1919"]
[BlackElo "1729"]
[Annotator "Rivier,Sylvain"]
[PlyCount "48"]
[EventDate "2025.??.??"]
[WhiteTeam "Fontainebleau-Avon"]
[BlackTeam "CE Le Roi Soleil - Le Chesnay - Versailles"]

{Ouverture catalane, variante fermée} 1. c4 Nf6 2. Nf3 e6 3. g3 d5 4. d4 c6 5.
Bg2 Bd6 6. O-O O-O 7. Nc3 Nbd7 8. Nd2 Bc7 9. e4 dxe4 10. Ndxe4 h6 11. b4 Nxe4
12. Nxe4 Nf6 13. Bb2 Re8 14. Re1 Qe7 15. Qd2 Bd7 16. Nc5 b6 17. Nxd7 Qxd7 18.
b5 cxb5 19. Bxa8 Rxa8 20. d5 e5 21. cxb5 Re8 22. Rac1 Bd6 23. Rc6 Bc5 24. Rxe5
Nxd5 1-0

[Event "27e tournoi 1hKO"]
[Site "Montigny le Bretonneux"]
[Date "2025.06.??"]
[Round "7.6"]
[White "Neveu, Raphael"]
[Black "Almeida, Oscar Coelho"]
[Result "0-1"]
[WhiteElo "1741"]
[BlackElo "1822"]
[Annotator "Rivier,Sylvain"]
[PlyCount "102"]
[EventDate "2025.??.??"]
[WhiteTeam "La Dame Noire"]
[BlackTeam "Saint-Quentin en Yvelines"]

{Partie espagnole, défense berlinoise ouverte} 1. e4 e5 2. Nf3 Nc6 3. Bb5 Nf6
4. O-O Nxe4 5. Re1 Nd6 6. Nxe5 Be7 7. Nxc6 dxc6 8. Bf1 O-O 9. d4 Be6 10. c3 Nf5
11. Nd2 c5 12. dxc5 Bxc5 13. Ne4 Qe7 14. Nxc5 Qxc5 15. Qc2 h6 16. Bf4 Rad8 17.
a3 Nd4 18. Be3 Nxc2 19. Bxc5 Rfe8 20. Rxe6 Nxa1 21. Rxe8+ Rxe8 22. g3 Nb3 23.
Be3 Na5 24. b4 Nc6 25. Bg2 a6 26. a4 Re7 27. b5 axb5 28. axb5 Nd8 29. c4 c6 30.
Bb6 Rd7 31. Bxd8 Rxd8 32. bxc6 Rd1+ 33. Bf1 bxc6 34. Kg2 Kf8 35. Be2 Rd4 36.
Kf3 c5 37. Ke3 Ke7 38. h4 Kd6 39. f4 g6 40. g4 Ke6 41. Bd3 Kf6 42. Be2 g5 43.
fxg5+ hxg5 44. h5 Kg7 45. Kf3 Kh6 46. Ke3 f6 47. Kf3 f5 48. gxf5 Kxh5 49. Ke3+
Kh6 50. Bf1 Kg7 51. Be2 Kf6 0-1

[Event "27e tournoi 1hKO"]
[Site "Montigny le Bretonneux"]
[Date "2025.06.01"]
[Round "7.8"]
[White "Alluch Abdellach, Nordin"]
[Black "Branson, James"]
[Result "1-0"]
[WhiteElo "1665"]
[BlackElo "1665"]
[Annotator "Rivier,Sylvain"]
[PlyCount "71"]
[EventDate "2025.??.??"]
[WhiteTeam "Saint-Quentin en Yvelines"]
[BlackTeam "Club d'Echecs de Guyancourt"]

{Gambit de Budapest, variante principale} 1. d4 Nf6 2. c4 e5 3. dxe5 Ng4 4. Nf3
Nc6 5. Nbd2 Bb4 6. a3 Bc5 7. e3 a5 8. b3 Qe7 9. Bb2 O-O 10. Be2 Ngxe5 11. O-O
Ra6 12. Qc2 Bd6 13. Rac1 Nxf3+ 14. Nxf3 Bxa3 15. c5 Nb4 16. Qc3 Bxb2 17. Qxb2
Rh6 18. Nd4 d6 19. cxd6 Qxd6 20. g3 c5 21. Nf3 b6 22. Rfd1 Qc7 23. Rd2 Bg4 24.
Kg2 Qc6 25. Qe5 Rf6 26. e4 Re6 27. Qg5 Qxe4 28. h3 f6 29. Qxg4 Qxg4 30. hxg4
Kh8 31. Bc4 Re4 32. Rcd1 g5 33. Rd7 Nc6 34. Bd5 Rd4 35. Bxc6 Rxd1 36. Rxd1 1-0

[Event "27e tournoi 1hKO"]
[Site "Montigny le Bretonneux"]
[Date "2025.06.01"]
[Round "7.9"]
[White "Nguyen-Vany, Jean"]
[Black "Plantet, Marc"]
[Result "0-1"]
[WhiteElo "1653"]
[BlackElo "1854"]
[Annotator "Rivier,Sylvain"]
[PlyCount "80"]
[EventDate "2025.??.??"]
[WhiteTeam "Echiquier Médocain"]
[BlackTeam "La Dame Noire"]

{Ouverture du pion dame, défense est-indienne} 1. d4 Nf6 2. Bf4 g6 3. Nf3 Bg7
4. e3 c5 5. c3 cxd4 6. exd4 d6 7. Bd3 O-O 8. O-O Be6 9. Qd2 Nc6 10. Bh6 Qd7 11.
Bxg7 Kxg7 12. Ng5 Rac8 13. Re1 Bg4 14. Bb5 d5 15. Qf4 h6 16. Nf3 Nh5 17. Qe3
Qd6 18. Nbd2 Rc7 19. Ne5 Nxe5 20. dxe5 Qc5 21. Bd3 Qxe3 22. Rxe3 Nf4 23. Bf1 d4
24. Re4 dxc3 25. bxc3 g5 26. c4 Rd8 27. Nb3 Bf5 28. Re3 Ne6 29. Rc1 b6 30. h3
a5 31. a4 Nd4 32. Nxd4 Rxd4 33. Rb3 Rc6 34. Rb5 Be6 35. c5 Rxa4 36. Rxb6 Rxb6
37. cxb6 Rb4 38. Ra1 Rxb6 39. Rxa5 Rb1 40. f3 Bc4 0-1

[Event "27e tournoi 1hKO"]
[Site "Montigny le Bretonneux"]
[Date "2025.06.01"]
[Round "7.10"]
[White "Ferreira-Yang, Maxime"]
[Black "Pujol, Nicolas"]
[Result "1-0"]
[WhiteElo "1619"]
[BlackElo "1654"]
[Annotator "Rivier,Sylvain"]
[PlyCount "79"]
[EventDate "2025.??.??"]
[WhiteTeam "Club d'Echecs de Guyancourt"]
[BlackTeam "CE Le Roi Soleil - Le Chesnay - Versailles"]

{Défense Caro-Kann, variante d'échange} 1. e4 c6 2. d4 d5 3. exd5 cxd5 4. Bd3
Nc6 5. Nf3 Bg4 6. c3 e6 7. Be2 Bd6 8. Nbd2 Nf6 9. Nf1 h6 10. Ne3 Bh5 11. Nd2
Bxe2 12. Qxe2 O-O 13. Ng4 Rb8 14. Ne5 Qc7 15. f4 b5 16. b4 a5 17. a3 a4 18.
Ndf3 Ne4 19. Bd2 Ne7 20. Rc1 f6 21. Nd3 g5 22. fxg5 hxg5 23. g4 Kf7 24. Rf1 Rh8
25. Nfe5+ Kg7 26. Nf3 Bxh2 27. Nc5 Qg3+ 28. Kd1 Qxg4 29. Rh1 Bd6 30. Kc2 Nxd2
31. Nxe6+ Kg8 32. Kxd2 Bf4+ 33. Nxf4 Qxf4+ 34. Kd3 Rxh1 35. Rxh1 Ng6 36. Qe6+
Kg7 37. Qd7+ Kf8 38. Qxd5 Re8 39. Qc5+ Kg7 40. Nd2 1-0

[Event "27e tournoi 1hKO"]
[Site "Montigny le Bretonneux"]
[Date "2025.06.01"]
[Round "7.11"]
[White "Meddour, Ithri"]
[Black "Corbillet, Mathieu"]
[Result "1/2-1/2"]
[WhiteElo "1562"]
[BlackElo "1652"]
[Annotator "Rivier,Sylvain"]
[PlyCount "78"]
[EventDate "2025.??.??"]
[WhiteTeam "Saint-Quentin en Yvelines"]
[BlackTeam "La Dame Noire"]

{Défense des deux cavaliers} 1. e4 e5 2. Nf3 Nc6 3. d4 exd4 4. Bc4 Nf6 5. e5
d5 6. Bb5 Ne4 7. O-O a6 8. Bxc6+ bxc6 9. Nxd4 Bb7 10. e6 fxe6 11. Nxe6 Qd7 12.
Nxf8 Rxf8 13. Qh5+ g6 14. Qe5+ Qe7 15. Qxe7+ Kxe7 16. Nd2 Rae8 17. Re1 Kd7 18.
Nxe4 dxe4 19. Be3 Kc8 20. b4 Rf5 21. c4 Rd8 22. Rad1 a5 23. a3 h5 24. h4 a4 25.
Bg5 Rd7 26. Rxd7 Kxd7 27. Rxe4 c5 28. Re7+ Kd6 29. bxc5+ Rxc5 30. Rg7 Rxc4 31.
Rxg6+ Ke5 32. f4+ Kf5 33. Rf6+ Kg4 34. f5 Kg3 35. Re6 Bxg2 36. Re3+ Bf3 37. Re1
Rc2 38. f6 Rg2+ 39. Kf1 Rf2+ 1/2-1/2

[Event "27e tournoi 1hKO"]
[Site "Montigny le Bretonneux"]
[Date "2025.06.01"]
[Round "7.12"]
[White "Hellal, Ayoub"]
[Black "Kissian, Pascal"]
[Result "0-1"]
[WhiteElo "1299"]
[BlackElo "1650"]
[Annotator "Rivier,Sylvain"]
[PlyCount "56"]
[EventDate "2025.??.??"]
[WhiteTeam "La Dame Noire"]
[BlackTeam "la Tour des Clayes"]

1. e4 d5 2. exd5 Qxd5 3. Nc3 Qa5 4. Nf3 Bg4 5. Be2 c6 6. O-O Nf6 7. d4 Qb6 8.
Bf4 e6 9. Rb1 Be7 10. b4 Nbd7 11. Qd2 O-O 12. Qd1 a6 13. a4 Bxb4 14. Na2 a5 15.
Bd6 Rfd8 16. Bxb4 axb4 17. Rxb4 Qc7 18. Qd2 Nd5 19. Rc4 N7b6 20. Kh1 Nxc4 21.
Bxc4 Rxa4 22. Bb3 Raa8 23. Qg5 Bf5 24. Qh5 Nf6 25. Qh4 Bg6 26. Rd1 Ra5 27. Nc3
Rad5 28. Qg3 Qa5 {suite illisible} 0-1

[Event "27e tournoi 1hKO"]
[Site "Montigny le Bretonneux"]
[Date "2025.06.01"]
[Round "7.13"]
[White "Saint-Esteben, Anton"]
[Black "Moulun, Raphael"]
[Result "1-0"]
[WhiteElo "1650"]
[BlackElo "1597"]
[Annotator "Rivier,Sylvain"]
[PlyCount "69"]
[EventDate "2025.??.??"]
[WhiteTeam "Club d'Echecs du Vesinet"]
[BlackTeam "La Dame Noire"]

{Ouverture anglaise, variante symétrique} 1. d4 Nf6 2. c4 c5 3. Nf3 cxd4 4.
Nxd4 e5 5. Nf3 Nc6 6. Nc3 Bb4 7. Bd2 d6 8. Nd5 Nxd5 9. cxd5 Bxd2+ 10. Qxd2 Ne7
11. e4 f5 12. Qc2 fxe4 13. Bb5+ Bd7 14. Bxd7+ Qxd7 15. Qxe4 O-O 16. b3 Rf4 17.
Qd3 Qg4 18. O-O e4 19. h3 Qg6 20. Qe3 Rxf3 21. Qe2 Raf8 22. Kh1 Qh5 23. Qxe4
Nxd5 24. Kh2 R3f4 25. Qe6+ Kh8 26. Qxd6 Qf5 27. Qc5 Qe5 28. Rae1 Re4+ 29. Kg1
Re8 30. Rxe4 Qxe4 31. Rd1 Nf4 32. f3 Qe2 33. Rd2 Qxd2 34. Qg5 Nxg2 35. Qxd2 1-0

[Event "27e tournoi 1hKO"]
[Site "Montigny le Bretonneux"]
[Date "2025.06.01"]
[Round "7.14"]
[White "Elie, Nicolas"]
[Black "Conchou, Patrick"]
[Result "0-1"]
[WhiteElo "1490"]
[BlackElo "1399"]
[Annotator "Rivier,Sylvain"]
[PlyCount "94"]
[EventDate "2025.??.??"]
[WhiteTeam "Club d'Echecs de Guyancourt"]
[BlackTeam "Echecs Club d'Orgeval"]

{Défense Alekhine, variante de chasse} 1. e4 Nf6 2. Nc3 d5 3. e5 d4 4. exf6
dxc3 5. fxg7 cxd2+ 6. Bxd2 Bxg7 7. c3 a6 8. Nf3 Bg4 9. Be2 Nc6 10. O-O Qd7 11.
Re1 Rd8 12. Qb3 Qc8 13. Bg5 O-O 14. h3 Be6 15. Bc4 Bxc4 16. Qxc4 Rd7 17. Qc5 e6
18. Ne5 Rd5 19. Qc4 Nxe5 20. Rxe5 Rxe5 21. Qg4 Kh8 22. Bf4 f5 23. Qf3 Rd5 24.
c4 Rd4 25. b3 Rxf4 26. Qxf4 Bxa1 27. Qc1 Bg7 28. a4 Qd7 29. Qc2 Rd8 30. g3 Qd1+
31. Qxd1 Rxd1+ 32. Kg2 Rb1 33. b4 Rxb4 34. Kf3 Rxc4 35. Ke3 Rxa4 36. Kd3 Rb4
37. g4 a5 38. gxf5 exf5 39. f4 a4 40. h4 Rxf4 41. h5 Rh4 42. h6 Bxh6 43. Kc2 a3
44. Kd3 a2 45. Kc2 a1=Q 46. Kd3 Qd4+ 47. Kc2 Qd2+ 0-1